Artilheiros do Brasileirão 2024 - Statistics

Estatísticas Gerais
  • Esse quiz foi jogado 82 vezes
  • A pontuação média é 26 de 58
Estatísticas das Respostas
Gols Clube Jogador % Correto
15 Corínthians Yuri Alberto
99%
12 Vasco Pablo Vegetti
95%
11 Flamengo Pedro
95%
10 Atlético Mineiro Hulk
93%
13 Palmeiras Estêvão
89%
5 São Paulo Jonathan Calleri
88%
11 São Paulo Luciano
86%
11 Palmeiras Raphael Veiga
86%
15 Vitória Alerrandro
82%
8 Internacional Alan Patrick
79%
10 Palmeiras Flaco López
78%
7 Corínthians Memphis Depay
78%
10 São Paulo Lucas Moura
73%
10 Corínthians Rodrigo Garro
73%
7 Botafogo Luiz Henrique
71%
9 Internacional Rafael Borré
71%
8 Atlético Mineiro Paulinho
70%
8 Botafogo Jefferson Savarino
68%
8 Criciúma Yannick Bolasie
68%
5 Botafogo Igor Jesus
67%
7 Cuiabá Isidro Pitta
59%
8 Cruzeiro Matheus Pereira
58%
11 Internacional Wesley
58%
8 Red Bull Bragantino Eduardo Sasha
56%
5 Flamengo De Arrascaeta
52%
7 Fluminense Jhon Arias
52%
8 Fortaleza Juan Martín Lucero
52%
6 Flamengo Bruno Henrique
49%
8 Grêmio Martin Braithwaite
49%
8 Bahia Everaldo
44%
5 Corínthians Ángel Romero
42%
6 Grêmio Franco Cristaldo
42%
7 Red Bull Bragantino Helinho
32%
5 Botafogo Tiquinho Soares
32%
8 Atlético-GO Luiz Fernando
30%
5 Fortaleza/Palmeiras Breno Lopes
29%
7 São Paulo André Silva
27%
8 Atlético Mineiro Eduardo Vargas
27%
6 Fortaleza/Criciúma Renato Kayzer
23%
7 Juventude Lucas Barbosa
22%
5 São Paulo Ferreira
21%
7 Bahia Thaciano
21%
5 Criciúma Matheusinho
18%
5 Vitória Matheuzinho
18%
6 Athlético-PR Nikão
15%
5 Fortaleza Tomás Pochettino
15%
5 Grêmio Yeferson Soteldo
14%
5 Bahia Biel
11%
6 Cruzeiro Gabriel Veron
11%
6 Fluminense Kauã Elias
11%
6 Bahia Luciano Rodríguez
10%
7 Fortaleza Moisés
10%
5 Cuiabá Clayson
8%
5 Vitória Wagner Leonardo
7%
6 Athlético-PR Julimar
4%
5 Vitória Willian Oliveira
4%
5 Criciúma Arthur Caíke
0%
5 Juventude Erick Farias
0%
Nenhum quiz correspondente encontrado
Distribuição das Pontuações
Porcentagem de Pessoas com Cada Pontuação
Percentil de Números Respondidos
Sua Pontuação Histórica
Você não jogou esse quiz